| Tag |
First Indicator |
Second Indicator |
Subfields |
| LEADER |
00000cam a2200000 i 4500 |
| 001 |
in00002003146 |
| 005 |
20151031142912.0 |
| 008 |
761008s1976 mau 100 0 eng d |
| 035 |
|
|
|a (OCoLC)ocm02489337
|
| 040 |
|
|
|a OLA
|c OLA
|d OCL
|d OCLCQ
|d TXA
|d UtOrBLW
|
| 043 |
|
|
|a n-us---
|
| 049 |
|
|
|a TXAM
|
| 090 |
|
|
|a GC1
|b .W582 no.76-73
|
| 111 |
2 |
|
|a Workshop on Extended Jurisdiction
|d (1975 :
|c Woods Hole Oceanographic Institution, Woods Hole, Mass.)
|
| 245 |
1 |
0 |
|a Report of the Workshop on Extended Jurisdiction, May 10-11, 1976 /
|c edited by Susan B. Peterson ; sponsored by Woods Hole Oceanographic Institution's Marine Policy and Ocean Management Program.
|
| 264 |
|
1 |
|a Woods Hole, Mass. :
|b Woods Hole Oceanographic Institution,
|c 1976.
|
| 300 |
|
|
|a 53 leaves ;
|c 29 cm.
|
| 336 |
|
|
|a text
|b txt
|2 rdacontent
|
| 337 |
|
|
|a unmediated
|b n
|2 rdamedia
|
| 338 |
|
|
|a volume
|b nc
|2 rdacarrier
|
| 490 |
1 |
|
|a Woods Hole, Mass. Oceanographic Institution ;
|v Reference no. 76-73.
|a Technical report
|
| 500 |
|
|
|a "August 1976."
|
| 650 |
|
0 |
|a Fishery law and legislation
|z United States
|v Congresses.
|
| 650 |
|
0 |
|a Fishery management
|z United States
|v Congresses.
|
| 610 |
2 |
0 |
|a National Sea Grant Program (U.S.)
|z Woods Hole, Mass. Oceanographic Institution.
|
| 700 |
1 |
|
|a Peterson, Susan B.
|
| 710 |
2 |
|
|a Woods Hole Oceanographic Institution.
|b Marine Policy and Ocean Management Program.
|
| 830 |
|
0 |
|a Woods Hole Oceanographic Institution (Series) ;
|v 76-73.
|
| 830 |
|
0 |
|a Technical report (Woods Hole Oceanographic Institution)
|
| 948 |
|
|
|a cataloged
|b h
|c 2004/11/19
|d c
|e dmitchel
|f 8:00:00 am
|
| 994 |
|
|
|a E0
|b TXA
|
| 999 |
|
|
|a MARS
|
| 999 |
f |
f |
|s 6cd75682-39c5-3d61-b6b6-be9675348a23
|i 90684e7d-7f98-3e82-bea5-3c46f1b08c2e
|t 0
|
| 952 |
f |
f |
|p ric
|a Texas A&M University
|b Rellis Campus
|c Joint Library Facility
|d Remote Storage
|t 0
|e GC1 .W582 no.76-73
|h Library of Congress classification
|i unmediated -- volume
|m A14831637895
|
| 998 |
f |
f |
|a GC1 .W582 no.76-73
|t 0
|l Remote Storage
|